Giải tích hàm : Giáo trình cho các trường Đại học /

Saved in:
Bibliographic Details
Main Author: Đỗ Văn Lưu
Format: Book (Paper)
Language:Vietnamese
Published: H. : Khoa học và Kỹ thuật, 1999
Tags: Add Tag
No Tags, Be the first to tag this record!
Institutions: Thư viện Trường Đại học Đà Lạt
LEADER 00703nam a2200277 4500
001 DLU040027257
005 ##20040422
040 # # |a DLU  |b vie 
041 # # |a vie 
044 # # |a vn 
082 # # |a 515.7  |b DO-L 
100 # # |a Đỗ Văn Lưu 
245 # # |a Giải tích hàm :  |b Giáo trình cho các trường Đại học /  |c Đỗ Văn Lưu 
260 # # |a H. :  |b Khoa học và Kỹ thuật,  |c 1999 
300 # # |a 278 tr. ;  |c 21 cm 
504 # # |a Tài liệu tham khảo chính :tr.276 
923 # # |a 10/2004 
992 # # |a 22000 
994 # # |a DLU 
900 # # |a True 
911 # # |a Đào Thị Thu Huyền 
925 # # |a G 
926 # # |a A 
927 # # |a SH 
980 # # |a Thư viện Trường Đại học Đà Lạt